A to z of english (Record no. 157301)

MARC details
000 -LEADER
fixed length control field 00434nam a22001697a 4500
005 - DATE AND TIME OF LATEST TRANSACTION
control field 20181211155910.0
010 ## - LCCN (DPL NO)
LC control number B-227217
020 ## - INTERNATIONAL STANDARD BOOK NUMBER
International Standard Book Number 8180520919
Terms of availability 135.00
035 ## - SYSTEM CONTROL NUMBER
System control number B-227217, B-227234
037 ## - SOURCE OF ACQUISITION
Source of stock number/acquisition Ane Books
082 ## - DEWEY DECIMAL CLASSIFICATION NUMBER
Classification number 480
100 ## - MAIN ENTRY--PERSONAL NAME
Personal name Tandon,B.G.
245 ## - TITLE STATEMENT
Title A to z of english
Medium
Statement of responsibility, etc B.G.Tandon
260 ## - PUBLICATION, DISTRIBUTION, ETC. (IMPRINT)
Place of publication, distribution, etc New Delhi
Name of publisher, distributor, etc Ane Books
Date of publication, distribution, etc 2006
300 ## - PHYSICAL DESCRIPTION
Extent 154p
Dimensions 22cm(pbk)
942 ## - ADDED ENTRY ELEMENTS (KOHA)
Source of classification or shelving scheme Dewey Decimal Classification
Item type English Books
Classification part 480
Call number suffix TAN
Holdings
Withdrawn status Lost status Not for loan Collection code Home library Current library Date acquired Full call number Barcode Koha item type Source of acquisition Cost, normal purchase price Cost, replacement price
      Non-fiction Sarojini Nagar Sarojini Nagar 10/09/2018 480 TAN B-227217 English Books      
      Non-fiction Vigyan Vihar Vigyan Vihar 11/12/2018 480 TAN B-227234 English Books BPPD/PUB 135.00 135.00

© Delhi Public Library
Hit Counter
free hit counter